000 01604nam a2200373 a 4500
001 ebr10046940
003 CaPaEBR
006 m u
007 cr cn|||||||||
008 951205s1995 nyua sb 101 0 eng
010 _z 95051708
020 _z0306452189
040 _aCaPaEBR
_cCaPaEBR
035 _a(OCoLC)229449303
050 1 4 _aTA418.9.P6
_bA24 1995eb
082 0 4 _a620.1/16
_220
245 0 0 _aAccess in nanoporous materials
_h[electronic resource] /
_cedited by Thomas J. Pinnavaia and M.F. Thorpe.
260 _aNew York :
_bPlenum Press,
_cc1995.
300 _axi, 441 p. :
_bill.
490 1 _aFundamental materials research
500 _a"Proceedings of a Symposium on Access in Nanoporous Materials, held June 7-9, 1995, at Michigan State University, East Lansing, Michigan"--T.p. verso.
504 _aIncludes bibliographical references and index.
533 _aElectronic reproduction.
_bPalo Alto, Calif. :
_cebrary,
_d2013.
_nAvailable via World Wide Web.
_nAccess may be limited to ebrary affiliated libraries.
650 0 _aPorous materials
_vCongresses.
650 0 _aNanostructured materials
_vCongresses.
650 0 _aZeolites
_vCongresses.
655 7 _aElectronic books.
_2local
700 1 _aPinnavaia, Thomas J.
700 1 _aThorpe, M. F.
710 2 _aebrary, Inc.
711 2 _aSymposium on Access in Nanoporous Materials
_d(1995 :
_cMichigan State University)
830 0 _aFundamental materials research.
856 4 0 _uhttp://site.ebrary.com/lib/rucke/Doc?id=10046940
_zAn electronic book accessible through the World Wide Web; click to view
999 _c73263
_d73263